Intervención educativa y diagnóstico psicopedagógico
محفوظ في:
| المؤلف الرئيسي: | |
|---|---|
| التنسيق: | كتاب |
| اللغة: | الإسبانية |
| منشور في: |
Barcelona
Paidos
1991
|
| سلاسل: | Cuadernos de pedagogia, 2
|
| الوسوم: |
إضافة وسم
لا توجد وسوم, كن أول من يضع وسما على هذه التسجيلة!
|
MARC
| LEADER | 00000nam a2200000 a 4500 | ||
|---|---|---|---|
| 001 | UCY1135 | ||
| 003 | CL-VaPUC | ||
| 008 | 940822e19910000SP |||||||||||||||||spa|d | ||
| 082 | 0 | 4 | |a 370.15 |b BAS |2 21 |
| 100 | |a Bassedas Ballús, Eulalia |e author |9 555564 | ||
| 245 | 1 | 0 | |a Intervención educativa y diagnóstico psicopedagógico |
| 300 | |a 152 p | ||
| 942 | |c BK | ||
| 945 | |d 19940822 00:00:00 |a rbrito | ||
| 260 | |a Barcelona |b Paidos |c 1991 | ||
| 583 | |a last modification |c 19940822 00:00:00 |k Rodrigo Vera | ||
| 490 | 0 | |a Cuadernos de pedagogia, 2 | |
| 999 | |c 229925 |d 229923 | ||
| 952 | |0 0 |1 0 |4 0 |6 370_150000000000000_BAS_1991 |7 0 |8 A |9 231662 |a BIBEDU |b BIBEDU |d 2019-11-15 |i 3003957 |o 370.15 BAS 1991 |p 3003957 |r 2019-11-15 |w 2019-11-15 |y BK |k EDU | ||
| 952 | |0 0 |1 0 |4 0 |6 370_150000000000000_BAS_1991 |7 0 |8 A |9 231663 |a BIBEDU |b BIBEDU |d 2019-11-15 |i 3495833 |o 370.15 BAS 1991 |p 3495833 |r 2019-11-15 |w 2019-11-15 |y BK |k BME | ||
| 952 | |0 0 |1 0 |4 0 |6 370_150000000000000_BAS_1991 |7 0 |8 A |9 231664 |a BIBEDU |b BIBEDU |d 2019-11-15 |i 3495841 |o 370.15 BAS 1991 |p 3495841 |r 2019-11-15 |w 2019-11-15 |y BK |k BME | ||